Manual del entrenador y jugador de los deportes de equipo
محفوظ في:
| المؤلف الرئيسي: | |
|---|---|
| التنسيق: | كتاب |
| اللغة: | الإسبانية |
| منشور في: |
Barcelona
Hispa Europea
1982
|
| سلاسل: | Colección Herakles. Biblioteca Enciclopedica de los deportes. Serie tecnicas deportivas
|
| الموضوعات: | |
| الوسوم: |
إضافة وسم
لا توجد وسوم, كن أول من يضع وسما على هذه التسجيلة!
|
MARC
| LEADER | 00000nam a2200000 a 4500 | ||
|---|---|---|---|
| 001 | UCW5034 | ||
| 003 | CL-VaPUC | ||
| 008 | 901114e19820000SP |||||||||||||||||spa|d | ||
| 082 | 0 | 4 | |a 796.334 |b LOP |2 21 |
| 100 | |a López-Cuadra Ejarque, Gerardo |e autor |9 309840 | ||
| 245 | 1 | 0 | |a Manual del entrenador y jugador de los deportes de equipo |
| 300 | |a 320 p | ||
| 942 | |c BK | ||
| 945 | |d 19901114 00:00:00 | ||
| 260 | |a Barcelona |b Hispa Europea |c 1982 | ||
| 650 | 0 | |a Fútbol |9 307513 | |
| 650 | 0 | |a Entrenamiento de futbol |9 309841 | |
| 583 | |a last modification |c 19901114 00:00:00 |k Rodrigo Vera | ||
| 490 | 0 | |a Colección Herakles. Biblioteca Enciclopedica de los deportes. Serie tecnicas deportivas | |
| 999 | |c 218552 |d 218550 | ||
| 952 | |0 0 |1 0 |4 0 |6 796_334000000000000_LOP_1982 |7 0 |8 P |9 208287 |a BIBEDU |b BIBEDU |c BIBEDU_PB |d 2019-11-15 |i 2762269 |o 796.334 LOP 1982 |p 2762269 |r 2024-01-25 |w 2019-11-15 |y BK |k EDU | ||